00567nam a2200145 a 4500008004100000050001100041100002100052245008100073246004000154260000900194350000900203995007800212999001700290952011400307120416s9999 ||||||||||||||||| || u aTHESIS aMupunda, Katongo14aThe survival of former ZCCM social service organisations after privatisation aa case of Mpelembe Secondary School a2001 a0.00 D0.00FCBU-MAIN LIBRARY (Kitwe)H1I0.00UAVAILABLEZUniversity Collection c59201d59201 00102lcc4070a001b001cUniversity Collectiond2022-11-30l0oTHESISp9017310r2022-11-30w2022-11-30y002